Легендарный обоз: [О продовольственной помощи Второй партизанской бригады осажденному Ленинграду весной 1942 г.]

Dettagli Bibliografici
Autore principale: Виноградов И. В. Иван Васильевич
Lingua:russo
Pubblicazione: Воронеж, Центрально-Черноземное кн. изд-во, 1987
Soggetti:
Natura: MixedMaterials Libro
KOHA link:https://koha.lib.tpu.ru/cgi-bin/koha/opac-detail.pl?biblionumber=168390

MARC

LEADER 00000nam0a2200000 4500
001 168390
005 20231031163110.0
020 |a RU  |b 87-45825 
035 |a (RuTPU)RU\TPU\book\182702 
090 |a 168390 
100 |a 20091028d1987 m y0rusy5003 ca 
101 0 |a rus 
102 |a RU 
105 |a a z 000zy 
200 1 |a Легендарный обоз  |e [О продовольственной помощи Второй партизанской бригады осажденному Ленинграду весной 1942 г.]  |f И. В. Виноградов 
210 |a Воронеж  |c Центрально-Черноземное кн. изд-во  |d 1987 
215 |a 221,[2] с., [8] л. ил.  |d 21 см 
610 1 |a партизанское движение 
610 1 |a Великая Отечественная война 1941-1945 
610 1 |a Ленинград 
610 1 |a Псковская область 
686 |a Т3(2)722.5  |2 rubbk 
700 1 |a Виноградов  |b И. В.  |g Иван Васильевич  |4 070 
801 0 |a RU  |b RuMRKP  |c 19950417  |g psbo 
801 1 |a RU  |b 63413507  |c 20091028 
801 2 |a RU  |b 63413507  |c 20140219  |g RCR 
942 |c BK